00373nam a2200121Ia 4500008004100000082001900041100002100060245006100081260003900142300001000181630001800191650004200209211109s9999||||xx |||||||||||||| ||und|| a494.805bSUB-I aSubramanium, V I 0aI J D L (international Journal of Dravidian Linguistics) bNATIONAL BOOKSTALLaKottayamc1976 a195p. xGeneral Stack aLanguagevMalayalam LanguageGeneralia